000 00539nam a2200181Ia 4500
008 090124s9999 xx 000 0 und d
082 _b34853
100 _aमिरासदार द.मा.
245 _a अंगत पंगत
250 _a1
260 _bसुयोग प्रकाशन
_c1998
300 _a165
600 _aमिरासदार द.मा.
630 _a अंगत पंगत
700 _aमिरासदार द.मा.
730 _a अंगत पंगत
942 _cBOOK
999 _c100775
_d100775